000 01356cam a2200325 a 4500
999 _c329217
_d329217
001 4505689
003 ASAB
005 20170427111548.0
008 980204s1999 nyua b 001 0 eng
010 _a 98013183
020 _a0195115945 (alk. paper)
040 _aDLC
_cASAB
_dDLC
_dWaU
_dDLC
050 0 0 _aQL959
_b.C58 1999
082 0 0 _a571.8/61
_221
245 0 2 _aA comparative methods approach to the study of oocytes and embryos /
_cedited by Joel D. Richter.
260 _aNew York :
_bOxford University Press,
_c1999.
300 _axv, 520 p. :
_bill. ;
_c24 cm.
440 0 _aAdvances in molecular biology
504 _aIncludes bibliographical references and index.
650 0 _aMice
_xEmbryology.
650 0 _aFrogs
_xEmbryology.
650 0 _aFruit-flies
_xEmbryology.
700 1 _aRichter, Joel D.
856 4 2 _3Publisher description
_uhttp://www.loc.gov/catdir/enhancements/fy0637/98013183-d.html
856 4 1 _3Table of contents only
_uhttp://www.loc.gov/catdir/enhancements/fy0637/98013183-t.html
906 _a7
_bcbc
_corignew
_d1
_eocip
_f19
_gy-gencatlg
942 _2ddc
_cBK